书目信息 |
| 题名: |
“一带一路”大数据报告
|
|
| 作者: | ;国家信息中心 著 | |
| 分册: | 2016 | |
| 出版信息: | 北京 商务印书馆 2016 |
|
| 页数: | 264页 | |
| 开本: | 23cm | |
| 丛书名: | ||
| 单 册: | ||
| 中图分类: | F125.5 | |
| 科图分类: | ||
| 主题词: | 区域经济合作--qu yu jing ji he zuo--国际合作--研究报告--中国--2016 | |
| 电子资源: | ||
| ISBN: | 978-7-100-12619-9 | |
| 000 | 01108nam0 22002291 450 | |
| 001 | 1730301976 | |
| 005 | 20170527085724.39 | |
| 010 | @a978-7-100-12619-9@dCNY78.00 | |
| 100 | @a20161125d2016 em y0chiy50 ea | |
| 101 | 0 | @achi |
| 102 | @aCN@b110000 | |
| 105 | @ak z 000yy | |
| 106 | @ar | |
| 200 | 1 | @a“一带一路”大数据报告@Ayi dai yi lu da shu ju bao gao@h2016@f国家信息中心“一带一路”大数据中心著 |
| 210 | @a北京@c商务印书馆@d2016 | |
| 215 | @a264页@d23cm | |
| 330 | @a本书分为上、下两篇,上篇为综合性评价指数分析报告,共3篇,其中,《“一带一路”国别合作度大数据评价报告2016》《“一带一路”省市参与度大数据评价报告2016》对“一带一路”沿线国家和国内各省市进行综合排名。下篇为2015-2016年为国家发改委领导提交的相关专题分析报告,精选其中的重点项目、重点领域、重点国家、重点问题,包括国际产能合作、英国脱欧对中国影响、人民币加入SDR等。 | |
| 606 | 0 | @a区域经济合作@Aqu yu jing ji he zuo@x国际合作@x研究报告@y中国@z2016 |
| 690 | @aF125.5@v5 | |
| 711 | 02 | @a国家信息中心@Aguo jia xin xi zhong xin@b一带一路大数据中心@4著 |
| 801 | 0 | @aCN@bTANG WEI@c20170523 |
| 905 | @b0968993-7@dF125.5@e282(2016)@f5 | |
| “一带一路”大数据报告.2016/国家信息中心“一带一路”大数据中心著 .-北京:商务印书馆,2016 |
| 264页;23cm |
| ISBN 978-7-100-12619-9:CNY78.00 |
| 本书分为上、下两篇,上篇为综合性评价指数分析报告,共3篇,其中,《“一带一路”国别合作度大数据评价报告2016》《“一带一路”省市参与度大数据评价报告2016》对“一带一路”沿线国家和国内各省市进行综合排名。下篇为2015-2016年为国家发改委领导提交的相关专题分析报告,精选其中的重点项目、重点领域、重点国家、重点问题,包括国际产能合作、英国脱欧对中国影响、人民币加入SDR等。 |
| ● |
| 相关链接 |
|
|
|
|
正题名:"一带一路"大数据报告
索取号:F125.5/282(2016)
 
预约/预借
| 序号 | 登录号 | 条形码 | 馆藏地/架位号 | 状态 | 备注 |
| 1 | 0968993 | 209689933 | 第一样本阅览室/ [索取号:F125.5/282(2016)] | 在馆 | |
| 2 | 0968994 | 209689942 | 第一借阅区/ [索取号:F125.5/282(2016)] | 在馆 | |
| 3 | 0968995 | 209689951 | 第一借阅区/ [索取号:F125.5/282(2016)] | 在馆 | |
| 4 | 0968996 | 209689960 | 第一借阅区/ [索取号:F125.5/282(2016)] | 在馆 | |
| 5 | 0968997 | 209689979 | 第一借阅区/ [索取号:F125.5/282(2016)] | 在馆 |